000 00675nam a22001937a 4500
008 090220t xxu||||| |||| 00| 0 eng d
010 _aENG-93048
020 _c110.00
035 _aEN-76581
037 _bDBAD / PUB
040 _adpl
_bEnglish
082 _a515.5
100 _aAnanthi, R.
245 _aSpecial functions /
_bby R. Ananthi
260 _aPerambalur
_bMercury Printers & Publishers
_c2008
300 _a120p.
_c21cm (pbk)
942 _2ddc
_cEN
_mANA
_h515.5
999 _c24787
_d24787